Statistiques concernant Quizz le Labyrinthe

Cliquez ici pour prendre le quiz!

Statistiques générales

  • Ce quiz a été pris 164 fois
  • Le résultat moyen est 40 sur 105

Statistiques - réponses

GroupINDICEPersonnages% Correct
G1 | G3Thomas
98%
G1 | G3 | G4Teresa
96%
G1 | G3 | G4Minho
94%
G1 | G3Newt
94%
G1 | G3 | G4Alby
91%
G1 | G4Gally
90%
G1 | G4Chuck
85%
G1Ava Paige
70%
G1 | G3Janson
68%
G1 | G4Brenda
65%
G1Winston
65%
G1 | G4Ben
59%
G2Dylan O'Brien
58%
G1 | G4Frypan
53%
G1 | G3Jorge
50%
G5Année de sortie film Le Labyrinthe2014
46%
G5Année de sortie film Le Labyrinthe : La Terre Brûlée2015
45%
G5Année de sortie film Le Labyrinthe : Le Remède Mortel2018
45%
G4Comment s'appelle le groupe de jeunes?Les Blocards
45%
G5Année de sortie livre The Maze Runner2009
44%
G5Année de sortie livre The Scorch Trials2010
44%
G4Depuis combien de temps les blocards sont-ils coincés dans la Glade ?3 ans
44%
G4Quel est le surnom donné aux personnes infectées par le virus de la Braise ?Les fondus
44%
G2Thomas Brodie-Sangster
44%
G5Année de sortie livre The Death Cure2011
43%
G5Année de sortie livre The Kill Order2012
43%
G5Année de sortie livre The Fever Code2016
43%
G5Année de sortie livre The Maze Cutter2022
43%
G5Année de sortie livre The Godhead Complex2023
43%
G4Quel est le numéro du Griffeur responsable de la mort d'Alby ?7
37%
G1 | G4Vince
35%
G4Quel est le nombre total de portes du labyrinthe que Thomas et les Blocards doivent traverser ?9
31%
G4Quel est le nom du coureur qui se fait piquer par un Griffeur et tombe malade ?Jeff
31%
G2Ki Hong Lee
31%
G4Quel est le numéro de sujet de Newt ?A5
29%
G1Harriet
28%
G1Sonya
27%
G4Lorsque Thomas arrive pour la première fois dans le labyrinthe, quelle est la seule chose dont il se souvient ?Son nom
25%
G2Kaya Scodelario
22%
G2Will Poulter
22%
G4Quel est le nom du responsable des travaux agricoles dans le Bloc ?Clint
21%
G4Pourquoi Newt boîte ?Tentative de suicide
18%
G4Qui a proposé la solution pour résoudre la crise post-éruptions solaires ?Katie McVoy
13%
G4Quel est le nombre exact de personnes qui entrent dans le labyrinthe ?48
10%
G2Aml Ameen
10%
G1Aris Jones
10%
G2Blake Cooper
10%
G2Dexter Darden
10%
G4Quel est le nom du groupe d'immunes dans lequel Thomas et ses amis se trouvent ?Groupe A
10%
G1 | G4Lawrence
10%
G4Quel est le nom complet du personnage de Teresa dans la série ?Teresa Agnes
9%
G2Alexander Flores
8%
G1Mary cooper
8%
G2Rosa Salazar
8%
G4Quel est le nom du fondateur de WICKED, mentionné dans "La Braise" ?Aidan
7%
G4Quel est le nom de la drogue non permanente utilisée comme traitement contre la Braise ?Bliss
7%
G2Chris Sheffield
7%
G2Patricia Clarkson
7%
G2Aidan Gillen
6%
G2Barry Pepper
6%
G4Quel était le premier village touché par le virus lors de sa propagation ?Deedee
6%
G2Giancarlo Esposito
6%
G2Jacob Lofland
6%
G2Katherine McNamara
6%
G2Lili Taylor
6%
G4Qui Thomas sauve-t-il du labyrinthe ?Minho et Alby
6%
G2Nathalie Emmanuel
6%
G4Quelle est la meilleur chaîne Youtube autour du Labyrinthe ?Aline Studio
5%
G4Quel est l'autre nom du Directeur Janson dans la série ?Rat man
5%
G4Quelle est la devise du Bloc, gravée sur le mur de la clairière ?WICKED is Good
5%
G2Alan Tudyk
4%
G4Quel est le nom du traître dans "La braise"Mark
4%
G4Quel président était en fonction lors de la présidence de Katie McVoy au WICKED ?John Michael
3%
G4Quelle est la règle principale chez les blocards ?Ne jamais sortir
3%
G4Quelle est la dernière phrase que Chuck prononce avant de mourir ?Tu es mon frère, Tommy
3%
G4Quel est le numéro de l'ascenseur qui transporte les nouveaux arrivants dans le Bloc ?Ascenseur 7
2%
G4Quel message apporte Teresa en arrivant ?Elle est la dernière de tous les temps
2%
G4Qui étaient les membres du conseil qui ont désapprouvé la solution proposée par Katie McVoy ?Ladena Lichliter, Randall Spilker
2%
G4Comment s'appelle le lieu où les blocards subissent leurs premiers tests médicaux dans "Le Labyrinthe"Le bloc médical
2%
G4Quel est le nom du quartier-général de WICKED détruit à la fin de "Le Remède Mortel" ?Le Dernier Refuge
2%
G4Quel est le nom de l'endroit où Brenda, Jorge et Thomas sont attaqués par des fondus dans "La Terre Brûlée" ?Le Magasin d'Armes
2%
G4Quel est le rôle de la PFC dans la création du virus ?Réaliser un virus
2%
G4Quel est le nom du virus mortel créé pour réduire la population humaine ?VC321xb47
2%
G4Quelle partie du cerveau est affectée par le virus, entraînant une perte de conscience ?Zone mortelle
2%

Distribution des résultats

Percentile par nombre de réponses

% des personnes avec chaque résultat

Votre développement - résultats

Vous n’avez pas pris ce quiz